Analytical Geometry of Two and Three Dimensions and Vector Analysis (Record no. 691)
[ view plain ]
| 000 -LEADER | |
|---|---|
| Fixed length control field | 00521nam a2200181 4500 |
| 003 - CONTROL NUMBER IDENTIFIER | |
| Control field | SEACOMMC |
| 005 - DATE AND TIME OF LATEST TRANSACTION | |
| Control field | 20250423112648.0 |
| 008 - FIXED-LENGTH DATA ELEMENTS--GENERAL INFORMATION | |
| Fixed length control field | 241023b |||||||| |||| 00| 0 eng d |
| 020 ## - INTERNATIONAL STANDARD BOOK NUMBER / ISBN | |
| International Standard Book Number | 978-81-73810-89-3 |
| Price | Rs.285.00 |
| 040 ## - CATALOGING SOURCE | |
| Original cataloging agency | SEACOMMC |
| 082 ## - DEWEY DECIMAL CLASSIFICATION NUMBER | |
| Classification number | 516.154 |
| Book Number | K 45 |
| 100 ## - MAIN ENTRY--PERSONAL NAME | |
| Personal name | Khan, Ratan M |
| 245 1# - TITLE STATEMENT | |
| Title | Analytical Geometry of Two and Three Dimensions and Vector Analysis |
| Statement of responsibility | Ratan M Khan |
| 250 ## - EDITION STATEMENT | |
| Edition statement | 4th rev.ed. |
| 260 ## - IMPRINT | |
| Place of publication | Kolkata |
| Name of publisher | New Central Book Agency |
| Date of publication | 2007 |
| 650 ## - SUBJECT ADDED ENTRY--TOPICAL TERM | |
| Topical term | Mathematics |
| 942 ## - ADDED ENTRY ELEMENTS (KOHA) | |
| Koha item type | Books |
| Withdrawn status | Lost status | Source of classification | Damaged status | Not for loan | Home library | Current library | Shelving location | Date acquired | Total Checkouts | Call number | Accession number | Date last seen | Price effective from | Koha item type | Copy number |
|---|---|---|---|---|---|---|---|---|---|---|---|---|---|---|---|
| Dewey Decimal Classification | SEACOM MANAGEMENT COLLEGE | SEACOM MANAGEMENT COLLEGE | Reference | 01/11/2007 | 516.154 K 45 | M-629 | 23/10/2024 | 23/10/2024 | Books | ||||||
| Dewey Decimal Classification | SEACOM MANAGEMENT COLLEGE | SEACOM MANAGEMENT COLLEGE | 01/11/2007 | 516.154 K 45 | M-630 | 23/10/2024 | 23/10/2024 | Books | 1 | ||||||
| Dewey Decimal Classification | SEACOM MANAGEMENT COLLEGE | SEACOM MANAGEMENT COLLEGE | 01/11/2007 | 516.154 K 45 | M-631 | 23/10/2024 | 23/10/2024 | Books | 2 | ||||||
| Dewey Decimal Classification | SEACOM MANAGEMENT COLLEGE | SEACOM MANAGEMENT COLLEGE | 01/11/2007 | 516.154 K 45 | M-632 | 23/10/2024 | 23/10/2024 | Books | 3 | ||||||
| Dewey Decimal Classification | SEACOM MANAGEMENT COLLEGE | SEACOM MANAGEMENT COLLEGE | 01/11/2007 | 516.154 K 45 | M-633 | 23/10/2024 | 23/10/2024 | Books | 4 |
